| 000 | 00626nam a2200217 a 4500 | ||
|---|---|---|---|
| 001 | 000019013 | ||
| 005 | 20200929165913.0 | ||
| 008 | 100521s1999 sp 000 0 spa d | ||
| 020 | _a847954516X | ||
| 040 |
_aDO-SdBNP _bspa _cBNPHU |
||
| 082 |
_a615.822 _bR696m |
||
| 100 | 1 |
_aRodríguez, Roberto Carlos, _940903 |
|
| 245 | 1 | 0 |
_aMasajes y manipulaciones / _cRoberto carlos Rodríguez. |
| 260 |
_aMadrid : _bLibertarias-Prodhufi, _c1999. |
||
| 300 |
_a188 p. ; _c16 cm. |
||
| 650 | 4 |
_aMasaje _92737 |
|
| 650 | 4 |
_aMecanoterapia _940904 |
|
| 650 | 4 |
_aFisioterapia _940905 |
|
| 910 | _aCatalogación original | ||
| 049 | _aBNGR | ||
| 999 |
_c18531 _d18531 |
||